00473 2200193 4500001002100000005001500021035002000036008004100056245004700097100002200144250000600166260003600172300001100208084001400219082000800233650001400241990001200255990001200267INLIS00000000000031820240503081716 a0010-0424000294240503 0 ind 1 aAyo, Hidup Berdisiplin /cAmin Suprihatini aSuprihatini, Amin a1 aJakarta :bCempaka Putih,c2017 a52 hlm a300 AMI a a300 4aNon Fiksi a0728761 a0728762